000 00503ntaaa2200193 4500
003 01
005 20251027201255.0
008 0714s1973 ag 01
040 _aAR-BaBN
_bspa
_cAR-BaBN
_eaacr
_dRIC
082 _a221.0000 J62
100 _aJohnson, Aubrey J.
_910913
245 _aSacral kingship in Ancient Israel
250 _a1 ed. :
_bUniv. of Wales Press,
_cc1955
300 _a154 p.
650 _aBiblia-Salmos
_910914
650 _aSalmos
_91673
650 _aIsrael Antiguo
_910915
942 _cBK
999 _c7129
_d7129